000 01207cam a2200229 4500
001 WB3838-19
008 021017n2002 000 0 eng u
035 _a(Sirsi) u120129
245 _aSustaining England's woodlands
260 _c2002
490 _aRICS Rural Faculty News
_v15 October 2002, (1)
520 _aThe Forestry Commission has responded to the Sustaining England's Woodlands review, welcoming the chance of a new relationship with woodland owners and managers. Key action areas in the response are: improving the evidence base, enhancing engagement with owners and managers and strengthening advocacy for woodlands and sustainable forest management. The response is available at http://www.forestry.gov.uk/forestry/hcou-4z6k5n or can be obtained from Brian Dawson, Forestry Commission t+44 (0)1223 346002 http://www.rics.org/ricscms/bin/show?class=News&template=/includes/shownews.html&id=3937&faculty=Rural&faculty=All%20Faculties
590 _aWB
650 _aWOODLANDS
650 _aENGLAND
650 _aFORESTRY
650 _aFORESTRY COMMISSION
650 _aSUSTAINABLE FORESTRY
650 _aFOREST MANAGEMENT
690 _aRURAL-AGRICULTURE AND FORESTRY
942 _n0
999 _c71371
_d71371